Sports Quiz

Random Sports Quiz

NHL Debuts for the 2009-10 Season Quiz Stats

 Plays Quiz not verified by Sporcle

Challenge
Share
Tweet
Embed
Score 0/137 Timer 15:00
0 Plays Today
Team Player % Correct
Colorado AvalancheMatt Duchene
72.2%
New York IslandersJohn Tavares
61.1%
Ottawa SenatorsDerek Smith
61.1%
Colorado AvalancheRyan O'Reilly
55.6%
New York RangersChad Johnson
55.6%
Philadelphia FlyersJames van Riemsdyk
55.6%
Pittsburgh PenguinsNick Johnson
55.6%
St. Louis BluesLars Eller
55.6%
Atlanta ThrashersEvander Kane
50%
Buffalo SabresTyler Myers
50%
Ottawa SenatorsErik Karlsson
50%
Tampa Bay LightningVictor Hedman
50%
Dallas StarsJamie Benn
44.4%
Montreal CanadiensDavid Desharnais
44.4%
Philadelphia FlyersJohan Backlund
44.4%
San Jose SharksLogan Couture
44.4%
Colorado AvalancheRyan Wilson
38.9%
Florida PanthersDmitry Kulikov
38.9%
Montreal CanadiensPK Subban
38.9%
Nashville PredatorsColin Wilson
38.9%
Washington CapitalsKyle Wilson
38.9%
Buffalo SabresTyler Ennis
33.3%
Los Angeles KingsBrayden Schenn
33.3%
New York RangersMichael Del Zotto
33.3%
Vancouver CanucksMichael Grabner
33.3%
Edmonton OilersDevan Dubnyk
27.8%
Los Angeles KingsAlec Martinez
27.8%
Montreal CanadiensRyan White
27.8%
New Jersey DevilsVladimir Zharkov
27.8%
New Jersey DevilsNick Palmieri
27.8%
New York IslandersMatt Martin
27.8%
Toronto Maple LeafsTyler Bozak
27.8%
Anaheim Mighty DucksDan Sexton
22.2%
Boston BruinsBrad Marchand
22.2%
Boston BruinsAdam McQuaid
22.2%
Buffalo SabresJhonas Enroth
22.2%
Edmonton OilersColin McDonald
22.2%
Edmonton OilersAlex Plante
22.2%
Florida PanthersKeaton Ellerby
22.2%
Minnesota WildAnton Khudobin
22.2%
Montreal CanadiensBrock Trotter
22.2%
New York RangersMatt Gilroy
22.2%
New York RangersBobby Sanguinetti
22.2%
San Jose SharksJason Demers
22.2%
Toronto Maple LeafsViktor Stalberg
22.2%
Montreal CanadiensMathieu Carle
22.2%
Team Player % Correct
Anaheim Mighty DucksNick Bonino
16.7%
Boston BruinsAndrew Bodnarchuk
16.7%
Carolina HurricanesJamie McBain
16.7%
Colorado AvalancheRyan Stoa
16.7%
Detroit Red WingsJakub Kindl
16.7%
Montreal CanadiensJT Wyman
16.7%
New Jersey DevilsTyler Eckford
16.7%
New Jersey DevilsMatthew Corrente
16.7%
New York IslandersMicheal Haley
16.7%
New York RangersIlkka Heikkinen
16.7%
Ottawa SenatorsMike Brodeur
16.7%
Ottawa SenatorsBobby Butler
16.7%
Philadelphia FlyersMike Pyorala
16.7%
Philadelphia FlyersOskars Bartulis
16.7%
Pittsburgh PenguinsMark Letestu
16.7%
Pittsburgh PenguinsAlexander Pechurski
16.7%
Tampa Bay LightningScott Jackson
16.7%
Toronto Maple LeafsNazem Kadri
16.7%
Toronto Maple LeafsBrayden Irwin
16.7%
Vancouver CanucksSergei Shirokov
16.7%
Washington CapitalsJohn Carlson
16.7%
Atlanta ThrashersArturs Kulda
11.1%
Boston BruinsJeff Penner
11.1%
Boston BruinsZach Hamill
11.1%
Carolina HurricanesDrayson Bowman
11.1%
Colorado AvalancheJustin Mercier
11.1%
Colorado AvalancheBrandon Yip
11.1%
Edmonton OilersRyan O'Marra
11.1%
Edmonton OilersJohan Motin
11.1%
Florida PanthersAlexander Salak
11.1%
Florida PanthersVictor Oreskovich
11.1%
Florida PanthersMike Duco
11.1%
Los Angeles KingsRichard Clune
11.1%
Minnesota WildCody Almond
11.1%
Minnesota WildJustin Falk
11.1%
Minnesota WildCasey Wellman
11.1%
Minnesota WildNate Prosser
11.1%
Minnesota WildMaxim Noreau
11.1%
Montreal CanadiensTom Pyatt
11.1%
Nashville PredatorsCody Franson
11.1%
New Jersey DevilsIlkka Pikkarainen
11.1%
New York IslandersDustin Kohn
11.1%
New York RangersMatt Zaba
11.1%
Philadelphia FlyersDavid Laliberte
11.1%
Philadelphia FlyersJeremy Duchesne
11.1%
Pittsburgh PenguinsDeryk Engelland
11.1%
Team Player % Correct
Pittsburgh PenguinsEric Tangradi
11.1%
San Jose SharksBenn Ferriero
11.1%
San Jose SharksJohn McCarthy
11.1%
Toronto Maple LeafsJonas Gustavsson
11.1%
Toronto Maple LeafsCarl Gunnarsson
11.1%
Washington CapitalsMathieu Perreault
11.1%
Anaheim Mighty DucksMacGregor Sharp
5.6%
Carolina HurricanesJerome Samson
5.6%
Carolina HurricanesJustin Peters
5.6%
Columbus Blue JacketsTomas Kana
5.6%
Dallas StarsAaron Gagnon
5.6%
Dallas StarsPerttu Lindgren
5.6%
Dallas StarsMaxime Fortunus
5.6%
Dallas StarsPhilip Larsen
5.6%
Edmonton OilersDean Arsene
5.6%
Edmonton OilersCharles Linglet
5.6%
Florida PanthersEvgeny Dadonov
5.6%
Los Angeles KingsScott Parse
5.6%
Los Angeles KingsAndrei Loktionov
5.6%
Los Angeles KingsCorey Elkins
5.6%
Los Angeles KingsMarc-Andre Cliche
5.6%
Minnesota WildDanny Irmen
5.6%
Minnesota WildClayton Stoner
5.6%
Nashville PredatorsTeemu Laakso
5.6%
Nashville PredatorsAndreas Thuresson
5.6%
Nashville PredatorsNick Spaling
5.6%
New York IslandersDylan Reese
5.6%
New York IslandersMark Flood
5.6%
New York IslandersAnton Klementyev
5.6%
Ottawa SenatorsKaspar Daugavins
5.6%
Ottawa SenatorsJared Cowen
5.6%
Phoenix CoyotesShaun Heshka
5.6%
San Jose SharksSteve Zalewski
5.6%
Tampa Bay LightningJames Wright
5.6%
Tampa Bay LightningDustin Tokarski
5.6%
Toronto Maple LeafsJay Rosehill
5.6%
Vancouver CanucksGuilluame Desbiens
5.6%
Vancouver CanucksMario Bliznak
5.6%
Vancouver CanucksEvan Oberg
5.6%
Columbus Blue JacketsGrant Clitsome
0%
Columbus Blue JacketsTrevor Frischmon
0%
Columbus Blue JacketsChad Kolarik
0%
Dallas StarsFrancis Wathier
0%
Ottawa SenatorsRyan Keller
0%
San Jose SharksFrazer McLaren
0%

You're not logged in!

Compare scores with friends on all Sporcle quizzes.
OR
Log In

You Might Also Like...

Show Comments

Extras

Created Jul 31, 2010ReportNominate

Top Quizzes Today


Score Distribution

Your Account Isn't Verified!

In order to create a playlist on Sporcle, you need to verify the email address you used during registration. Go to your Sporcle Settings to finish the process.

Report this User

Report this user for behavior that violates our Community Guidelines.

Details: